Piłkarz, siatkarz, koszykarz czy skoczek narciarski? #3 - Statystyki

Ogólne statystyki
  • Ten quiz został rozwiązany 38 razy
  • Średni wynik to 13 z 15
Statystyki odpowiedzi
Zagadnienie Odpowiedź % Poprawnych
Który sport uprawia Wojciech Szczęsny? Piłka nożna
100%
Który sport uprawia Kevin Durant? Koszykówka
97%
Który sport uprawia Erling Haaland? Piłka nożna
97%
Który sport uprawia Aleksander Śliwka? Siatkówka
97%
Który sport uprawia Simon Ammann? Skoki narciarskie
97%
Który sport uprawia Anže Lanišek? Skoki narciarskie
97%
Który sport uprawia Nikola Jokic? Koszykówka
92%
Który sport uprawia Ricardo Lucarelli? Siatkówka
92%
Który sport uprawia Halvor Egner Granerud? Skoki narciarskie
92%
Który sport uprawia Theo Hernández? Piłka nożna
89%
Który sport uprawia Severin Freund? Skoki narciarskie
89%
Który sport uprawia Tyrese Haliburton? Koszykówka
82%
Który sport uprawia Khvicha Kvaratskhelia? Piłka nożna
82%
Który sport uprawia Anthony Davis? Koszykówka
71%
Który sport uprawia Daniele Lavia? Siatkówka
63%
Nie znaleziono quizów pasujących do podanych kryteriów
Rozkład punktacji
Procent ludzi z każdym wynikiem
Percentyl według liczby udzielonych odpowiedzi
Twoja historia wyników
Nie rozwiązałeś tego quizu